| 000 | 00515nam a2200193Ia 4500 | ||
|---|---|---|---|
| 008 | 151121s9999||||xx |||||||||||||| ||und|| | ||
| 082 | _a813-/दर्भ | ||
| 082 | _bHNW-7849 | ||
| 100 | _aदर्भ | ||
| 245 | _aदर्भकथा | ||
| 260 | _b"आपटे आणि मंडळी, कोरेगांव" | ||
| 260 | _c-- | ||
| 300 | _a112 | ||
| 600 | _aदर्भ | ||
| 630 | _aदर्भकथा | ||
| 700 | _aदर्भ | ||
| 730 | _aदर्भकथा | ||
| 942 | _cBOOK | ||
| 999 |
_c1214457 _d1214454 |
||